Physical foaming of EPDM and NBR in the injection moulding process (Record no. 64948)

MARC details
000 -LEADER
fixed length control field 00451nam a2200157Ia 4500
100 ## - MAIN ENTRY--AUTHOR NAME
Personal name Haberstroh E
245 #0 - TITLE STATEMENT
Title Physical foaming of EPDM and NBR in the injection moulding process
260 ## - PUBLICATION, DISTRIBUTION, ETC. (IMPRINT)
Name of publisher Kautschuk Gummi Kunststoffe
Year of publication 2008
300 ## - PHYSICAL DESCRIPTION
Number of Pages 254-259
650 ## - SUBJECT ADDED ENTRY--TOPICAL TERM
Topical Term Injection moulding
650 ## - SUBJECT ADDED ENTRY--TOPICAL TERM
Topical Term Moulded part properties
650 ## - SUBJECT ADDED ENTRY--TOPICAL TERM
Topical Term Physical foaming
700 ## - ADDED ENTRY--PERSONAL NAME
Personal name Opdenwinkel K
942 ## - ADDED ENTRY ELEMENTS (KOHA)
Koha item type Journals
Holdings
Withdrawn status Lost status Damaged status Not for loan Home library Current library Shelving location Date acquired Serial Enumeration / chronology Koha item type
      Journals RRII Library RRII Library Rubber technology 19/06/2008 Volume 61, Issue 5 Journals